[Event "Pan American-ch Seniors 50"]
[Site "Lima"]
[Date "2023.04.29"]
[Round "6"]
[White "Aguilar, Victor"]
[Black "Quijada Carvajal, Leonardo Gustavo"]
[Result "1-0"]
[WhiteElo "1997"]
[BlackElo "2024"]
[PlyCount "81"]
[EventDate "2023.04.26"]
[EventType "swiss"]
[EventRounds "9"]
[EventCountry "PER"]
[SourceTitle "CBM 214 Extra"]
[Source "ChessBase"]
[SourceDate "2023.07.31"]
[SourceVersion "1"]
[SourceVersionDate "2023.07.31"]
[SourceQuality "1"]

1. Nf3 c5 2. c4 Nc6 3. g3 b6 4. Bg2 Bb7 5. 0-0 Nf6 6. b3 e6 7. Bb2 Be7 8. Nc3 0-0 9. d4 cxd4 10. Nxd4 Qc7 11. Rc1 Nxd4 12. Qxd4 Bxg2 13. Kxg2 Qc5 14. Qd3 Rfd8 15. Rfd1 a6 16. f3 d6 17. h3 Rac8 18. g4 Nd7 19. Ne4 Qc7 20. Qd4 Bf8 21. h4 Nc5 22. Nc3 Qe7 23. h5 Qg5 24. b4 Nd7 25. Ne4 Qe7 26. h6 e5 27. Qxd6 Qh4 28. Qd2 Nf6 29. Qe3 Nxe4 30. Qxe4 Qxh6 31. a3 f6 32. Rd5 Rxd5 33. Qxd5+ Kh8 34. Qd7 Rb8 35. Rc3 e4 36. fxe4 Qf4 37. Qf5 Qd2 38. Rh3 Qxe2+ 39. Kg1 Qe1+ 40. Kg2 h6 41. Rxh6+ 1-0

[Event "Pan American-ch Seniors 50"]
[Site "Lima"]
[Date "2023.04.28"]
[Round "4"]
[White "Aguilar, Victor"]
[Black "Iturry Quinonez, Gunther William"]
[Result "0-1"]
[WhiteElo "1997"]
[BlackElo "2211"]
[PlyCount "62"]
[EventDate "2023.04.26"]
[EventType "swiss"]
[EventRounds "9"]
[EventCountry "PER"]
[SourceTitle "CBM 214 Extra"]
[Source "ChessBase"]
[SourceDate "2023.07.31"]
[SourceVersion "1"]
[SourceVersionDate "2023.07.31"]
[SourceQuality "1"]

1. Nf3 d5 2. d4 c6 3. g3 Bg4 4. Bg2 Nd7 5. 0-0 e6 6. b3 Bd6 7. Ba3 Bxa3 8. Nxa3 Qa5 9. Qc1 Ngf6 10. Qb2 0-0 11. c4 Rfc8 12. b4 Qd8 13. Rfc1 a6 14. Ne5 Bf5 15. Nxd7 Nxd7 16. Rc3 b5 17. cxb5 cxb5 18. Rac1 Nb6 19. Qd2 h6 20. f3 Na4 21. Rxc8 Rxc8 22. Rxc8 Qxc8 23. e4 Bg6 24. Nc2 Qc3 25. Qe2 Nb6 26. Kf2 Nc4 27. Bf1 dxe4 28. fxe4 Nd2 29. Qd3 Nxe4+ 30. Ke3 Qb2 31. Qd1 Nc3 0-1

[Event "Guayaquil zt 2.4"]
[Site "Guayaquil"]
[Date "2019.04.12"]
[Round "6"]
[White "Condori Aranya, Edwin"]
[Black "Aguilar, Victor"]
[Result "1/2-1/2"]
[WhiteElo "2124"]
[BlackElo "2140"]
[PlyCount "49"]
[EventDate "2019.04.09"]
[EventType "swiss"]
[EventRounds "9"]
[EventCountry "ECU"]
[SourceTitle "CBM 189 Extra"]
[Source "ChessBase"]
[SourceDate "2019.06.03"]
[SourceVersion "1"]
[SourceVersionDate "2019.06.03"]
[SourceQuality "1"]

1. Nf3 c5 2. e4 d6 3. d4 cxd4 4. Nxd4 Nf6 5. f3 a6 6. c4 Nc6 7. Nc3 g6 8. Be3 Bg7 9. Qd2 h6 10. Be2 Bd7 11. 0-0 Nxd4 12. Bxd4 0-0 13. Rfc1 Bc6 14. b4 h5 15. a4 b6 16. Ra2 a5 17. Nd5 Nd7 18. Bxg7 Kxg7 19. Kh1 axb4 20. Qxb4 e6 21. Nc3 Qc7 22. Nd5 Qb8 23. Nc3 Qc7 24. Nd5 Qb8 25. Nc3 1/2-1/2

[Event "Guayaquil zt 2.4"]
[Site "Guayaquil"]
[Date "2019.04.10"]
[Round "2"]
[White "Cerezo Najera, Jorge"]
[Black "Aguilar, Victor"]
[Result "1/2-1/2"]
[WhiteElo "1916"]
[BlackElo "2140"]
[PlyCount "106"]
[EventDate "2019.04.09"]
[EventType "swiss"]
[EventRounds "9"]
[EventCountry "ECU"]
[SourceTitle "CBM 189 Extra"]
[Source "ChessBase"]
[SourceDate "2019.06.03"]
[SourceVersion "1"]
[SourceVersionDate "2019.06.03"]
[SourceQuality "1"]

1. e4 e5 2. Nf3 Nc6 3. Bb5 f5 4. d3 Nf6 5. Nc3 d6 6. a4 fxe4 7. dxe4 Bg4 8. h3 Bh5 9. g4 Bg6 10. Bg5 Be7 11. Qe2 0-0 12. Bxf6 Bxf6 13. Bxc6 bxc6 14. 0-0-0 d5 15. h4 Qe7 16. exd5 e4 17. Nd4 Bxh4 18. Rh2 Bg5+ 19. Kb1 Qe5 20. Rg2 cxd5 21. Qb5 e3 22. fxe3 Be4 23. Nc6 Qxc3 24. bxc3 Bxg2 25. Rxd5 Bxe3 26. Rf5 Rfe8 27. Re5 Bxc6 28. Rxe8+ Rxe8 29. Qxc6 Re7 30. Qd5+ Kf8 31. Ka2 h6 32. Kb3 g6 33. Qd8+ Kf7 34. Kc4 c6 35. Qh8 Re8 36. Qh7+ Kf6 37. Qd7 Re6 38. Qd8+ Kf7 39. Qd7+ Kf6 40. Kd3 Bc5 41. Qd8+ Kf7 42. Qc7+ Kf6 43. Qf4+ Kg7 44. Qc4 Re3+ 45. Kd2 Re5 46. Qa6 Be3+ 47. Ke2 Re6 48. Qc8 Kf7 49. Qd7+ Kf6 50. Kf3 Bc5 51. Qd8+ Kf7 52. Qh8 Be3 53. Qh7+ Kf6 1/2-1/2

[Event "Pan American-ch Seniors 50"]
[Site "Neiva"]
[Date "2017.10.14"]
[Round "5"]
[White "Aguilar, Victor"]
[Black "Ramirez, Carlos"]
[Result "0-1"]
[WhiteElo "2166"]
[BlackElo "2273"]
[PlyCount "62"]
[EventDate "2017.10.11"]
[EventType "swiss"]
[EventRounds "9"]
[EventCountry "COL"]
[SourceTitle "CBM 181 Extra"]
[Source "ChessBase"]
[SourceDate "2017.12.12"]
[SourceVersion "1"]
[SourceVersionDate "2017.12.12"]
[SourceQuality "1"]

1. d4 Nf6 2. c4 g6 3. Nc3 Bg7 4. e4 d6 5. f4 0-0 6. Nf3 c5 7. d5 e6 8. dxe6 fxe6 9. Be2 Nc6 10. 0-0 a6 11. g3 Qc7 12. Kg2 Bd7 13. Be3 b6 14. Qd2 Rad8 15. Rad1 Bc8 16. a3 Bb7 17. Qc2 Kh8 18. h3 d5 19. cxd5 exd5 20. e5 d4 21. exf6 Bxf6 22. Bf2 dxc3 23. bxc3 Ne7 24. Kh2 Nd5 25. Ng5 Nxf4 26. Ne4 Nxe2 27. Rxd8 Bxd8 28. Bd4+ Nxd4 29. Rxf8+ Kg7 30. Qf2 Ne6 31. Re8 Qc6 0-1

[Event "Florianopolis zt 2.4"]
[Site "Florianopolis"]
[Date "2017.04.29"]
[Round "5"]
[White "Aguilar, Victor"]
[Black "Cella, Glaucio Dalla Cortt"]
[Result "1-0"]
[WhiteElo "2172"]
[BlackElo "1988"]
[PlyCount "89"]
[EventDate "2017.04.26"]
[EventType "swiss"]
[EventRounds "9"]
[EventCountry "BRA"]
[SourceTitle "CBM 178 Extra"]
[Source "ChessBase"]
[SourceDate "2017.06.22"]
[SourceVersion "1"]
[SourceVersionDate "2017.06.22"]
[SourceQuality "1"]

1. d4 Nf6 2. c4 e5 3. dxe5 Ng4 4. Nf3 Nc6 5. e3 Bb4+ 6. Nbd2 Ncxe5 7. h3 Nxf3+ 8. Qxf3 Ne5 9. Qg3 Ng6 10. Bd3 Bd6 11. f4 Be7 12. 0-0 d6 13. Nf3 Bf6 14. e4 Bd7 15. Be3 Bxb2 16. Rab1 Bf6 17. e5 dxe5 18. fxe5 Be7 19. Rbd1 Bh4 20. Qh2 Qc8 21. Nxh4 Nxh4 22. Qf4 Nf5 23. Bxf5 Bxf5 24. Qxf5 Qxf5 25. Rxf5 b6 26. Bg5 h6 27. Bh4 c5 28. e6 fxe6 29. Re5 g5 30. Bg3 Rd8 31. Rxe6+ Kf7 32. Rxd8 Rxd8 33. Rxh6 Rd4 34. Rh7+ Ke6 35. Rxa7 Rxc4 36. Ra6 Rc1+ 37. Kh2 Rb1 38. Bc7 c4 39. Bxb6 Ke5 40. Be3 g4 41. h4 Ke4 42. Bg5 c3 43. Kg3 Rg1 44. a4 c2 45. Rc6 1-0

[Event "PER-ch"]
[Site "Lima"]
[Date "2017.03.04"]
[Round "7"]
[White "Aguilar, Victor"]
[Black "Hasegawa Padillla, Isami Alex"]
[Result "1-0"]
[WhiteElo "2179"]
[BlackElo "1829"]
[PlyCount "89"]
[EventDate "2017.03.01"]
[EventType "swiss"]
[EventRounds "9"]
[EventCountry "PER"]
[SourceTitle "CBM 177 Extra"]
[Source "ChessBase"]
[SourceDate "2017.04.27"]
[SourceVersion "1"]
[SourceVersionDate "2017.04.27"]
[SourceQuality "1"]

1. c4 e6 2. g3 d5 3. Bg2 c6 4. Nf3 Bd6 5. b3 Qe7 6. Nc3 f5 7. 0-0 Nf6 8. d3 0-0 9. Bb2 Nbd7 10. Qc2 e5 11. cxd5 Nxd5 12. e4 Nxc3 13. Qxc3 f4 14. d4 fxg3 15. hxg3 exd4 16. Qxd4 Nb6 17. Rac1 Be6 18. Qe3 Ba3 19. Bxa3 Qxa3 20. Ng5 Rae8 21. Rc2 Bc8 22. f4 h6 23. Nf3 Nd5 24. Qd4 Nf6 25. Ne5 Be6 26. f5 Bxb3 27. axb3 Qxb3 28. Rc3 Qb6 29. Qxb6 axb6 30. Ng6 Rf7 31. e5 Ng4 32. e6 Rc7 33. Bf3 Nf6 34. Rd1 b5 35. Rcd3 Rcc8 36. Rd7 Rb8 37. Rc7 Kh7 38. g4 Ra8 39. Rxb7 Ra4 40. Rdd7 Nxd7 41. exd7 Rd8 42. Ne5 Ra3 43. Kf2 Ra2+ 44. Kg3 Rd2 45. Bxc6 1-0

[Event "PER-ch"]
[Site "Lima"]
[Date "2017.03.03"]
[Round "6"]
[White "Perez, Christopher"]
[Black "Aguilar, Victor"]
[Result "1/2-1/2"]
[WhiteElo "1851"]
[BlackElo "2179"]
[PlyCount "102"]
[EventDate "2017.03.01"]
[EventType "swiss"]
[EventRounds "9"]
[EventCountry "PER"]
[SourceTitle "CBM 177 Extra"]
[Source "ChessBase"]
[SourceDate "2017.04.27"]
[SourceVersion "1"]
[SourceVersionDate "2017.04.27"]
[SourceQuality "1"]

1. a3 g6 2. d4 Bg7 3. Nf3 Nf6 4. Bf4 0-0 5. h3 d5 6. e3 c5 7. c3 b6 8. Be2 Ba6 9. 0-0 Bxe2 10. Qxe2 Nbd7 11. Nbd2 e6 12. Rfd1 Qc8 13. Rac1 Qb7 14. b4 Rac8 15. bxc5 bxc5 16. Rb1 Qc6 17. Qb5 Ne4 18. Nxe4 dxe4 19. Qxc6 Rxc6 20. Ng5 cxd4 21. cxd4 f5 22. Rb7 Nf6 23. h4 h6 24. Nh3 Rf7 25. Rdb1 Ra6 26. Rxf7 Kxf7 27. Rb7+ Kg8 28. Bb8 Rb6 29. Rxb6 axb6 30. a4 Kf7 31. Nf4 g5 32. hxg5 hxg5 33. Ne2 Nd5 34. Kf1 Ke7 35. g4 Kd7 36. gxf5 exf5 37. Ng3 Ke6 38. Ne2 Bf8 39. Ke1 Bb4+ 40. Kd1 Ba5 41. Bg3 Nb4 42. Nc3 Nd3 43. Kc2 Bxc3 44. Kxc3 f4 45. exf4 gxf4 46. Bh4 Ne1 47. Bd8 Kd5 48. Bxb6 f3 49. Kd2 Nd3 50. Ke3 Nb4 51. a5 Nc2+ 1/2-1/2

[Event "PER-ch"]
[Site "Lima"]
[Date "2017.03.02"]
[Round "3"]
[White "Aguilar, Victor"]
[Black "Vera Siguenas, Deivy Anthoni"]
[Result "0-1"]
[WhiteElo "2179"]
[BlackElo "2546"]
[PlyCount "40"]
[EventDate "2017.03.01"]
[EventType "swiss"]
[EventRounds "9"]
[EventCountry "PER"]
[SourceTitle "CBM 177 Extra"]
[Source "ChessBase"]
[SourceDate "2017.04.27"]
[SourceVersion "1"]
[SourceVersionDate "2017.04.27"]
[SourceQuality "1"]

1. Nf3 d5 2. d4 Nf6 3. g3 g6 4. Bg2 Bg7 5. 0-0 0-0 6. c4 dxc4 7. Na3 a5 8. Nxc4 Be6 9. Nce5 Bd5 10. b3 c6 11. Bb2 a4 12. Nd2 Bxg2 13. Kxg2 a3 14. Bc3 Nd5 15. Qc2 c5 16. Ndf3 Nxc3 17. Qxc3 cxd4 18. Qc4 Qd6 19. Qb5 Na6 20. Rfd1 Nc7 0-1

[Event "Arequipa Llerena Memorial U2200"]
[Site "Arequipa"]
[Date "2016.12.10"]
[Round "5.6"]
[White "Aguilar, Victor"]
[Black "Medina, Elmer"]
[Result "1-0"]
[WhiteElo "2188"]
[BlackElo "1773"]
[PlyCount "57"]
[EventDate "2016.12.08"]
[EventType "swiss"]
[EventRounds "7"]
[EventCountry "PER"]
[SourceTitle "EXT 2024"]
[Source "ChessBase"]
[SourceDate "2023.10.10"]
[SourceVersion "1"]
[SourceVersionDate "2023.10.10"]
[SourceQuality "1"]

1. e4 e6 2. d4 d5 3. Nd2 dxe4 4. Nxe4 Nf6 5. Bd3 Nbd7 6. Nf3 Be7 7. 0-0 Nxe4 8. Bxe4 Nf6 9. Bd3 0-0 10. b3 b6 11. Bb2 Bb7 12. c4 Rc8 13. Qe2 c5 14. Rfd1 Qc7 15. dxc5 Qf4 16. cxb6 Ng4 17. h3 Bxf3 18. Qxf3 Qh2+ 19. Kf1 Nxf2 20. Kxf2 Bh4+ 21. Ke2 f5 22. b7 Rcd8 23. Bc2 Bf6 24. Bxf6 gxf6 25. Kf2 Qe5 26. Qg3+ Kf7 27. Qxe5 fxe5 28. Rxd8 Rxd8 29. Rd1 1-0

[Event "Arica 3rd"]
[Site "Arica"]
[Date "2016.07.15"]
[Round "7.2"]
[White "Aguilar, Victor"]
[Black "Delgado Ramirez, Neuris"]
[Result "0-1"]
[WhiteElo "2155"]
[BlackElo "2615"]
[PlyCount "98"]
[EventDate "2016.07.10"]
[EventType "swiss"]
[EventRounds "10"]
[EventCountry "CHI"]
[SourceTitle "EXT 2024"]
[Source "ChessBase"]
[SourceDate "2023.10.10"]
[SourceVersion "1"]
[SourceVersionDate "2023.10.10"]
[SourceQuality "1"]

1. Nf3 Nf6 2. g3 g6 3. Bg2 Bg7 4. 0-0 0-0 5. d4 d6 6. c4 Nbd7 7. Nc3 e5 8. e4 exd4 9. Nxd4 Re8 10. b3 a6 11. Rb1 Nc5 12. Re1 Ng4 13. Bb2 Ne5 14. Re3 c6 15. h3 Qb6 16. Ba1 a5 17. Kh2 Qa7 18. Nf3 Bg4 19. hxg4 Nxg4+ 20. Kg1 Nxe3 21. fxe3 Nxe4 22. Nxe4 Bxa1 23. Nd4 Bxd4 24. Qxd4 Qxd4 25. exd4 Red8 26. Re1 Kg7 27. Nc3 Re8 28. Rxe8 Rxe8 29. Kf2 f5 30. Bf3 Kf6 31. Na4 h5 32. Nb2 Rh8 33. Nd3 g5 34. c5 dxc5 35. Nxc5 Rh7 36. Nd3 h4 37. a4 hxg3+ 38. Kxg3 Re7 39. Kf2 g4 40. Bg2 Kg5 41. Nc5 f4 42. Ne4+ Kh4 43. Nd6 Rd7 44. Nf5+ Kg5 45. Be4 Rh7 46. Nd6 Rh2+ 47. Kf1 f3 48. Nxb7 Kf4 49. Bxc6 g3 0-1

[Event "Bogota Millonario op"]
[Site "Bogota"]
[Date "2015.12.21"]
[Round "6"]
[White "Esquivia Cuadrado, Franklin Javier"]
[Black "Aguilar, Victor"]
[Result "1-0"]
[WhiteElo "2006"]
[BlackElo "2172"]
[PlyCount "99"]
[EventDate "2015.12.18"]
[EventType "swiss"]
[EventRounds "9"]
[EventCountry "COL"]
[SourceTitle "EXT 2017"]
[Source "ChessBase"]
[SourceDate "2016.10.25"]
[SourceVersion "1"]
[SourceVersionDate "2016.10.25"]
[SourceQuality "1"]

1. Nf3 c5 2. g3 b6 3. Bg2 Bb7 4. 0-0 Nf6 5. c4 g6 6. Nc3 Bg7 7. d4 cxd4 8. Qxd4 0-0 9. Qh4 d6 10. Rd1 Nbd7 11. Bh6 Rc8 12. b3 Re8 13. Bxg7 Kxg7 14. e4 Qc7 15. Nd4 a6 16. Rac1 Qb8 17. g4 h6 18. Nd5 e6 19. Nxf6 Nxf6 20. Re1 d5 21. exd5 exd5 22. g5 hxg5 23. Nf5+ Kg8 24. Qh6 Nh5 25. Ne7+ Rxe7 26. Rxe7 Nf4 27. Qxg5 Nxg2 28. Qxg2 Ba8 29. Qf3 Rf8 30. cxd5 Qd6 31. Ree1 Bxd5 32. Rcd1 Rd8 33. Qg3 Qc6 34. Rd3 Rf8 35. Red1 Be6 36. Rd8 Rxd8 37. Rxd8+ Kg7 38. Qe5+ f6 39. Qe3 Qc7 40. Re8 Bf7 41. Re7 Qd6 42. h3 Qd1+ 43. Qe1 Qd6 44. Ra7 Qd5 45. Qe7 Qg5+ 46. Kh1 Qd5+ 47. Kh2 Qf3 48. Qxf7+ Kh6 49. Qf8+ Kg5 50. Qa8 1-0

[Event "Lima Gran Prix IRT op"]
[Site "Lima"]
[Date "2015.12.15"]
[Round "7"]
[White "Leiva Rodriguez, Jeammarco Giuseppe"]
[Black "Aguilar, Victor"]
[Result "1-0"]
[WhiteElo "2389"]
[BlackElo "2172"]
[PlyCount "99"]
[EventDate "2015.12.12"]
[EventType "swiss"]
[EventRounds "8"]
[EventCountry "PER"]
[SourceTitle "CBM 170 Extra"]
[Source "ChessBase"]
[SourceDate "2016.02.25"]
[SourceVersion "1"]
[SourceVersionDate "2016.02.25"]
[SourceQuality "1"]

1. Nf3 Nf6 2. c4 c5 3. Nc3 g6 4. e4 d6 5. d4 cxd4 6. Nxd4 Bg7 7. Be2 0-0 8. Be3 Nc6 9. Qd2 Ng4 10. Bxg4 Bxg4 11. f3 Bd7 12. b3 Nxd4 13. Bxd4 Bxd4 14. Qxd4 Qa5 15. 0-0 Qc5 16. Rfd1 Bc6 17. Rab1 Rfc8 18. Rd2 Kf8 19. Nd1 Qxd4+ 20. Rxd4 b5 21. Ne3 bxc4 22. Rxc4 Bb5 23. Rcc1 Bd3 24. Ra1 Ba6 25. Kf2 Rxc1 26. Rxc1 Rc8 27. Rd1 Ke8 28. Rd5 Rc5 29. b4 Rxd5 30. Nxd5 Bc4 31. a4 Kd7 32. Ke3 h6 33. Kd4 Bf1 34. Ne3 Be2 35. Kc3 Kc6 36. Kd2 Ba6 37. b5+ Bxb5 38. axb5+ Kxb5 39. Kc3 Kc5 40. Ng4 h5 41. Nh6 e6 42. Nxf7 d5 43. Ne5 g5 44. Nd3+ Kd6 45. Kb4 g4 46. e5+ Kc6 47. Nf4 gxf3 48. gxf3 a5+ 49. Kxa5 d4 50. Kb4 1-0

[Event "Arequipa GP Peru Sur"]
[Site "Arequipa"]
[Date "2013.06.29"]
[Round "5"]
[White "Espinoza Palomino, Willyam"]
[Black "Aguilar, Victor"]
[Result "1-0"]
[WhiteElo "2361"]
[BlackElo "2109"]
[PlyCount "93"]
[EventDate "2013.06.27"]
[EventType "swiss"]
[EventRounds "8"]
[EventCountry "PER"]
[SourceTitle "EXT 2018"]
[Source "ChessBase"]
[SourceDate "2017.10.13"]
[SourceVersion "1"]
[SourceVersionDate "2017.10.13"]
[SourceQuality "1"]

1. e4 c5 2. Nf3 d6 3. d4 cxd4 4. Nxd4 Nf6 5. Nc3 a6 6. h3 e5 7. Nde2 Be6 8. g4 d5 9. exd5 Nxd5 10. Bg2 Nxc3 11. Qxd8+ Kxd8 12. Nxc3 Nc6 13. Be3 Kc7 14. Nd5+ Bxd5 15. Bxd5 f6 16. c3 Rd8 17. 0-0-0 Be7 18. Be4 h6 19. Kc2 Rxd1 20. Rxd1 Rd8 21. Rg1 b6 22. b4 a5 23. Bxc6 Kxc6 24. bxa5 bxa5 25. Rb1 Ra8 26. Rb6+ Kc7 27. a4 Bd8 28. Kd3 Kc8 29. Rb5 Ra6 30. Ke4 Kd7 31. Kf5 g5 32. c4 Rc6 33. Rc5 Ra6 34. Rd5+ Ke8 35. Bd2 Rc6 36. Bxa5 Be7 37. Bd2 Rxc4 38. a5 Ra4 39. Ke6 Rc4 40. Kf5 Ra4 41. Rb5 Bd8 42. Ke6 Ra2 43. Bb4 Rxf2 44. Rb8 Rb2 45. a6 Ra2 46. Ra8 Rb2 47. Ba5 1-0

[Event "Arequipa op 1st"]
[Site "Arequipa"]
[Date "2013.05.31"]
[Round "3"]
[White "Aguilar, Victor"]
[Black "Leiva Rodriguez, Jeammarco Giuseppe"]
[Result "1/2-1/2"]
[WhiteElo "2109"]
[BlackElo "2388"]
[PlyCount "127"]
[EventDate "2013.05.25"]
[EventType "swiss"]
[EventRounds "9"]
[EventCountry "PER"]
[SourceTitle "EXT 2014"]
[Source "ChessBase"]
[SourceDate "2013.11.20"]
[SourceVersion "1"]
[SourceVersionDate "2013.11.20"]
[SourceQuality "1"]

1. d4 Nf6 2. Nf3 e6 3. g3 b5 4. Bg2 Bb7 5. 0-0 Be7 6. a4 b4 7. c4 0-0 8. Nbd2 c5 9. e3 Nc6 10. Nb3 cxd4 11. exd4 Na5 12. Nxa5 Qxa5 13. b3 d6 14. Re1 Rfe8 15. Bb2 Nd7 16. Qd3 Rab8 17. Rad1 Bf6 18. Nd2 Bxg2 19. Kxg2 d5 20. Rc1 Rec8 21. Qb1 dxc4 22. Nxc4 Qa6 23. Qe4 Rc7 24. Rc2 Nb6 25. Rec1 Nd5 26. Ne3 Rxc2 27. Rxc2 Rd8 28. Nxd5 Rxd5 29. Rc4 Be7 30. Bc1 Bd6 31. Be3 Qb7 32. h3 h5 33. h4 g6 34. Kh2 Kg7 35. Qc2 a5 36. Rc8 Rf5 37. Qc6 Qxc6 38. Rxc6 Rd5 39. Kg2 Kf6 40. Kf3 Ke7 41. Ra6 Bc7 42. Ke4 Kd7 43. Kd3 Kc8 44. Rc6 Kb7 45. Rc4 Bb6 46. Ke4 f6 47. f4 Bd8 48. Kf3 Be7 49. Ke4 Bd6 50. Kf3 Rf5 51. Ke4 Bc7 52. Rc1 Bd8 53. Rc2 Rd5 54. Rc1 Rd6 55. Rc5 Bb6 56. Rc4 Rd7 57. Rc2 Rd5 58. Rc4 Rd6 59. Rc2 Rc6 60. Rxc6 Kxc6 61. Bd2 Kd6 62. Be1 Bc7 63. Bd2 Bd8 64. Be3 1/2-1/2